Fisiología humana : (Registro nro. 22139)

Detalles MARC
000 -Cabecera
Campo de control interno 00917nam a22002537a 4500
005 - Fecha y hora del registro
control field 20260416164940.0
008 - Elementos de Longitud Fija
fixed length control field 260327b |||||||| |||| 00| 0 spa d
020 ## - ISBN
ISBN 9786078546220
041 ## - Idioma
Codigo Idioma ESP
082 ## - DEWEY y NOTACIÓN INTERNA
Dewey 612
Notación Interna S55
100 ## - AUTOR
Autor denominación Silverthorn, Dee Unglaub
Término de relación autor
245 ## - TÍTULO DE MATERIAL BIBLIOGRÁFICO
Título Fisiología humana :
Título paralelo un enfoque integrado
250 ## - EDICIÓN
Edición Octava edición
260 ## - CIUDAD, EDITORIAL, AÑO
Ciudad Ciudad de México :
Nombre de la Editorial Médica Panamericana,
Año 2019
300 ## - DESCRIPCIÓN
N° Páginas varias paginaciones :
Otros detalles ilustraciones, cuadros, gráficos ;
Dimensiones 27 cm.
440 ## - MENCIÓN DE SERIE
Título de la Serie ;
650 ## - TEMAS
Temas Tecnología (Ciencias Aplicadas)
653 ## - DESCRIPTORES
Lenguajes no controlado Medicina; Fisiología humana
654 ## - PROGRAMAS
Programa Dpto. de Ciencias de la Salud
700 ## - OTROS AUTORES
Otros autores Johnson, Bruce R.,
Termino Relacionado autor
856 ## - URL - UBICACIÓN
URI/URL: Enlace exacto del recurso <a href="https://0u216usd4-y-https-accessmedicina-mhmedical-com.itmsp.museknowledge.com/searchresults.aspx?q=Fisiolog%u00eda+humana+un+enfoque+integrado">https://0u216usd4-y-https-accessmedicina-mhmedical-com.itmsp.museknowledge.com/searchresults.aspx?q=Fisiolog%u00eda+humana+un+enfoque+integrado</a>
Nota pública: Versión digital <a href="Véase además: Base de datos McGraw Hill Access Medicina">Véase además: Base de datos McGraw Hill Access Medicina</a>
942 ## - ELEMENTOS DE KOHA
Tipo de documento Libro
Nombre del creador Justo Noguera
Código de catalogador Mirtha Ponce
Suppress in OPAC No
Esquema de clasificación Dewey Decimal Classification
Existencias
Codigo completo Registro Colección Copia número Disponibilidad Tipo de préstamo Biblioteca Actual Procedencia (Biblioteca) Ubicacón Fecha Ingreso Tipo de Adquisición Observación Date last seen Total checkouts Price effective from Tipo de Item Estado del Material Fuente de Clasificación Damaged status Withdrawn status
612 S55 1088229 Universidad Católica San Pablo 1 Disponible Disponible Víctor Andrés Belaunde Víctor Andrés Belaunde Planta baja abierta 27/03/2026 Compra Medicina 27/03/2026   27/03/2026 Libro Bueno Dewey Decimal Classification